000 00605nam a2200205Ia 4500
008 220216s9999 xx 000 0 und d
100 _aRao G G
245 0 _aClonal variation in leaf epicuticular waxes and reflectance: Possible role in drought tolerance in Hevea
260 _bIndian Journal of Natural Rubber Research
_c1988
300 _a84-87
650 _aClonal variation
650 _aDrought tolerance
650 _aHevea brasiliensis
700 _aAnnamma Y
700 _aDevakumar A S
700 _aRajagopal R
700 _aSethuraj M R
700 _aVijayakumar K R
942 _cJS
999 _c55744
_d55744